000 00206nam a22000977a 4500
999 _c12558
_d12558
020 _a9780134495705
082 _a378.198
100 _aStark, Mary C
245 _aStrategies for College Success
942 _cBK